Alle Bahnhöfe in Niedersachsen (SPNV) - Statistiken

Allgemein
  • Dieses Quiz wurde 138 mal gespielt
  • Das Durchschnittsergebnis liegt bei 107 aus 383
Antwortstatistiken
Station % Korrekt
Hannover Hauptbahnhof
92%
Braunschweig Hauptbahnhof
87%
Elze (Han)
83%
Emden Hauptbahnhof
83%
Osnabrück Hauptbahnhof
83%
Leer (Ostfriesland)
82%
Stade
82%
Wolfsburg Hauptbahnhof
82%
Göttingen
80%
Hagen (Han)
80%
Oldenburg (Oldb) Hauptbahnhof
80%
Delmenhorst
79%
Celle
77%
Hildesheim Hauptbahnhof
77%
Cuxhaven
76%
Lüneburg
76%
Wunstorf
73%
Nienburg (Weser)
72%
Uelzen
72%
Hameln
70%
Verden (Aller)
70%
Wilhelmshaven Hauptbahnhof
70%
Buxtehude
69%
Goslar
69%
Neustadt am Rübenberge
69%
Peine
69%
Meppen
68%
Norden
68%
Buchholz (Nordheide)
66%
Lingen (Ems)
66%
Norddeich
66%
Rotenburg (Wümme)
66%
Achim
63%
Soltau (Han)
63%
Osterholz-Scharmbeck
62%
Cloppenburg
61%
Norddeich Mole
61%
Winsen (Luhe)
61%
Bad Zwischenahn
59%
Gifhorn
59%
Lehrte
59%
Bad Harzburg
58%
Helmstedt
58%
Hude
58%
Vechta
58%
Melle
56%
Papenburg (Ems)
56%
Wolfenbüttel
56%
Diepholz
54%
Hannover-Messe/ Laatzen
54%
Northeim (Han)
54%
Tostedt
52%
Seelze
51%
Eschede
49%
Syke
49%
Bad Bentheim
48%
Bad Pyrmont
48%
Hannover Flughafen
48%
Bremervörde
46%
Bückeburg
46%
Westerstede-Ocholt
46%
Dannenberg Ost
45%
Isernhagen
45%
Jever
45%
Osnabrück Altstadt
45%
Stadthagen
45%
Augustfehn
44%
Bramsche
44%
Emden Außenhafen
44%
Hann Münden
44%
Bad Bevensen
42%
Bienenbüttel
42%
Burgdorf (Han)
42%
Holzminden
42%
Langenhagen-Mitte
42%
Marienhafe
42%
Twistringen
41%
Eystrup
39%
Kreiensen
39%
Nordhorn
39%
Varel (Oldb)
39%
Walsrode
39%
Alfeld (Leine)
38%
Bassum
38%
Fallersleben
38%
Lohne (Oldb)
38%
Sarstedt
38%
Brake (Unterweser)
37%
Dörverden
37%
Hannover-Nordstadt
37%
Königslutter
37%
Langenhagen Pferdemarkt
37%
Maschen
37%
Rinteln
37%
Sande
37%
Schneverdingen
37%
Springe
37%
Wittmund
37%
Bad Fallingbostel
35%
Hannover-Bismarckstraße
35%
Hessisch Oldendorf
35%
Hitzacker
35%
Langwedel
35%
Munster (Örtze)
35%
Nordenham
35%
Nörten-Hardenberg
35%
Salzgitter-Lebenstedt
35%
Scheeßel
35%
Unterlüß
35%
Vechelde
35%
Großburgwedel
34%
Hannover-Linden/Fischerhof
34%
Herzberg (Harz)
34%
Mühlen (Oldb)
34%
Salzgitter-Bad
34%
Barsinghausen
32%
Esens (Ostfriesland)
32%
Nordstemmen
32%
Seesen
32%
Suderburg
32%
Bennemühlen
31%
Gifhorn Stadt
31%
Hämelerwald
31%
Haste
31%
Klecken
31%
Otterndorf
31%
Vienenburg
31%
Wendisch Evern
31%
Einbeck-Salzderhelden
30%
Ganderkesee
30%
Hannover-Anderten/Misburg
30%
Salzbergen
30%
Salzgitter-Ringelheim
30%
Weener
30%
Bad Münder (Deister)
28%
Dörpen
28%
Hittfeld
28%
Horneburg
28%
Loxstedt
28%
Oldenburg-Wechloy
28%
Quakenbrück
28%
Rastede
28%
Wildeshausen
28%
Ahlten
27%
Neu Wulmstorf
27%
Oker
27%
Otze
27%
Sprötze
27%
Weddel (Braunschweig)
27%
Braunschweig-Gliesmarode
25%
Coppenbrügge
25%
Freden (Leine)
25%
Haren (Ems)
25%
Hasbergen
25%
Kirchweyhe
25%
Letter
25%
Meine
25%
Ottersberg (Han)
25%
Sehnde
25%
Stelle
25%
Visselhövede
25%
Weetzen
25%
Wittingen
25%
Ashausen
24%
Bardowick
24%
Calberlah
24%
Dedensen-Gümmer
24%
Essen (Oldb)
24%
Friedland (Han)
24%
Hannover-Leinhausen
24%
Hildesheim Ost
24%
Himmelpforten
24%
Hodenhagen
24%
Jaderberg
24%
Sagehorn
24%
Schortens-Heidmühle
24%
Soltau (Han) Nord
24%
Stadtoldendorf
24%
Bad Bodenteich
23%
Bad Lauterberg im Harz Barbis
23%
Bad Nenndorf
23%
Banteln
23%
Bohmte
23%
Echem
23%
Einbeck Mitte
23%
Lindhorst (Schaumburg-Lippe)
23%
Meckelfeld
23%
Natrup-Hagen
23%
Bad Gandersheim
21%
Eilvese
21%
Elsfleth
21%
Empelde
21%
Hilter
21%
Kirchhorsten
21%
Leese-Stolzenau
21%
Meinersen
21%
Mellendorf
21%
Salzgitter-Thiede
21%
Schöppenstedt
21%
Schüttorf
21%
Sottrum
21%
Uslar
21%
Vöhrum
21%
Aschendorf
20%
Bad Sachsa
20%
Dorfmark
20%
Hannover-Kleefeld
20%
Hannover-Ledeburg
20%
Hedemünden
20%
Heidkrug
20%
Immensen-Arpke
20%
Leiferde (b Gifhorn)
20%
Nordholz
20%
Radbruch
20%
Ronnenberg
20%
Sandkrug
20%
Schladen (Harz)
20%
Triangel
20%
Agathenburg
18%
Ahlhorn
18%
Barnten
18%
Bersenbrück
18%
Bodenfelde
18%
Dedenhausen
18%
Dissen-Bad Rothenfelde
18%
Emmerke
18%
Emmerthal
18%
Geeste
18%
Göhrde
18%
Hammah
18%
Lauenbrück
18%
Lindwedel
18%
Neuenkirchen (Oldb)
18%
Völksen/Eldagsen
18%
Wennigsen (Deister)
18%
Wremen
18%
Algermissen
17%
Aligse
17%
Bennigsen
17%
Bissendorf
17%
Bodenburg
17%
Cadenberge
17%
Großenkneten
17%
Hannover-Vinnhorst
17%
Hemmoor
17%
Holtensen/Linderte
17%
Leschede
17%
Neuenhaus
17%
Rethen (Leine)
17%
Schwarmstedt
17%
Speele
17%
Stederdorf (Kr Uelzen)
17%
Walkenried
17%
Achmer
15%
Adelebsen
15%
Baddeckenstedt
15%
Baden (Kr Verden)
15%
Berne
15%
Dollbergen
15%
Dollern
15%
Egestorf (Deister)
15%
Gittelde/Bad Grund (Harz)
15%
Hannover-Karl-Wichert-Allee
15%
Harsum
15%
Hechthausen
15%
Langelsheim
15%
Lathen
15%
Lengede-Broistedt
15%
Schnega
15%
Soltendieck
15%
Wüsting
15%
Bremen-Nord Klinikum/Beckedorf
14%
Derneburg (Han)
14%
Ebstorf (Kr Uelzen)
14%
Ehlershausen
14%
Handeloh
14%
Hardegsen
14%
Hesepe
14%
Katlenburg
14%
Langenhagen Kaltenweide
14%
Lauenförde-Beverungen
14%
Marienau
14%
Neukloster (Kr Stade)
14%
Poggenhagen
14%
Ritterhude
14%
Rötgesbüttel
14%
Wahrenholz
14%
Wieren
14%
Wintermoor
14%
Bad Salzdetfurth
13%
Bad Salzdetfurth Solebad
13%
Brockhöfe
13%
Burhafe
13%
Dahlenburg
13%
Dorum (Wesermarsch)
13%
Dreye
13%
Etelsen
13%
Hannover-Bornum
13%
Harsefeld
13%
Herzberg Schloß
13%
Hoheneggelsen
13%
Kirchdorf (Deister)
13%
Leitstade
13%
Linsburg
13%
Oerel
13%
Osnabrück-Sutthausen
13%
Salzgitter-Watenstedt
13%
Schandelah
13%
Wingst
13%
Wolterdingen (Han)
13%
Barnstorf (Han)
11%
Bookholzberg
11%
Büsenbachtal
11%
Einbeck BBS/PS-Speicher
11%
Goldenstedt (Oldb)
11%
Groß Düngen
11%
Heinschenwalde
11%
Holdorf (Oldb)
11%
Holm-Seppensen
11%
Hoykenkamp
11%
Huntlosen
11%
Knesebeck
11%
Lemförde
11%
Lemmie
11%
Lübberstedt
11%
Lunestedt
11%
Oldenbüttel
11%
Osterode (Harz) Mitte
11%
Osterwald
11%
Rieste
11%
Schierbrok
11%
Wulften
11%
Barrien
10%
Bavendorf
10%
Börßum
10%
Bramstedt (b Syke)
10%
Brest-Aspe
10%
Brettorf
10%
Frellstedt
10%
Lenglern
10%
Lutten
10%
Neetzendorf
10%
Steinfeld (Oldb)
10%
Stubben
10%
Suerhop
10%
Vastorf
10%
Wellendorf
10%
Westerhausen
10%
Wissingen
10%
Apensen
8%
Bantorf
8%
Bargstedt
8%
Hesedorf
8%
Kleinensiel
8%
Kloster Oesede
8%
Oesede
8%
Osterode (Harz)-Leege
8%
Rodenkirchen (Oldb)
8%
Schönewörde
8%
Sellstedt
8%
Wehdel
8%
Winninghausen
8%
Bruchmühlen
7%
Einbeck Otto-Hahn-Straße
7%
Geestenseth
7%
Hattorf
7%
Kirchhammelwarden
7%
Kutenholz
7%
Nordhorn-Blanke
7%
Rechterfeld
7%
Ruschwedel
7%
Vorhop
7%
Woltwiesche
7%
Frelsdorf
6%
Lödingsen
6%
Neuenhaus Süd
6%
Offensen (Kr Northeim)
6%
Volpriehausen
6%
Wesseln
6%
Dettum
4%
Münchehof (Harz)
4%
Salzgitter-Immendorf
4%
Quendorf
3%
Keine übereinstimmenden Quizze gefunden
Verteilung der Resultate
Anzahl Personen mit jedem Resultat
Perzentil nach korrekt beantworteten Fragen
Ihre Resultats-Entwicklung
Sie haben dieses Quiz noch nicht gespielt